000
00183 a2200097 4500
020
_a
9780836866711
041
_a
spa
100
_a
Burstein, John
245
_a
Geometria
942
_c
BK
999
_c
12350
_d
12350